000 00344 a2200157 4500
001 150610
040 _cEscola São Tomás de Aquino
100 _aNETO, Rosa Neto
240 1 0 _aSaída pelo triâgulo
_lpor
245 1 0 _aSaída pelo triâgulo
300 _a63
362 0 _a1988
440 1 _aÁtica
697 _aMATEMÁTICA
942 _cBK
999 _c150610
_d150610